Nanoworld multimedia modules in science (Record no. 139666)

000 -LEADER
fixed length control field 00249nmm a2200097Ia 4500
008 - FIXED-LENGTH DATA ELEMENTS--GENERAL INFORMATION
fixed length control field 220120s9999||||xx |||||||||||||||||und||
020 ## - INTERNATIONAL STANDARD BOOK NUMBER
International Standard Book Number 81-7808-836-3
100 ## - MAIN ENTRY--PERSONAL NAME
Personal name JNCASR
245 #0 - TITLE STATEMENT
Title Nanoworld multimedia modules in science
260 ## - PUBLICATION, DISTRIBUTION, ETC.
Place of publication, distribution, etc. JNCASR
Name of publisher, distributor, etc. Delhi
Holdings
Withdrawn status Lost status Damaged status Not for loan Home library Current library Date acquired Barcode Date last seen Price effective from Koha item type
        Central Library Central Library 01/20/2022 CD1217 01/20/2022 01/20/2022 Compact Disc

Powered by Koha